Rubber nanocomposites via solution and melt intercalation (Record no. 67833)

MARC details
000 -LEADER
fixed length control field 00539nam a2200193Ia 4500
100 ## - MAIN ENTRY--AUTHOR NAME
Personal name Varghese S
245 #0 - TITLE STATEMENT
Title Rubber nanocomposites via solution and melt intercalation
260 ## - PUBLICATION, DISTRIBUTION, ETC. (IMPRINT)
Name of publisher Rubber World
Year of publication 2004
300 ## - PHYSICAL DESCRIPTION
Number of Pages 32-38
650 ## - SUBJECT ADDED ENTRY--TOPICAL TERM
Topical Term Cure characteristics
650 ## - SUBJECT ADDED ENTRY--TOPICAL TERM
Topical Term Epoxidised natural rubber
650 ## - SUBJECT ADDED ENTRY--TOPICAL TERM
Topical Term Melt intercalation
650 ## - SUBJECT ADDED ENTRY--TOPICAL TERM
Topical Term Rubber clay nanocomposites
650 ## - SUBJECT ADDED ENTRY--TOPICAL TERM
Topical Term Rubber latices
700 ## - ADDED ENTRY--PERSONAL NAME
Personal name Karger-Kocsis J
700 ## - ADDED ENTRY--PERSONAL NAME
Personal name Panikottu Abraham
942 ## - ADDED ENTRY ELEMENTS (KOHA)
Koha item type Journals
Holdings
Withdrawn status Lost status Damaged status Not for loan Home library Current library Shelving location Date acquired Serial Enumeration / chronology Koha item type
      Journals RRII Library RRII Library Rubber chemistry 17/12/2021 Volume 230, Issue 1 Journals